Gaming Quiz

Random Gaming Quiz
Score 0/13 Timer 03:00
0 Plays Today
Artist Song % Correct
GoldfingerSuperman
87.9%
Dead KennedysPolice Truck
84.8%
PrimusJerry was a Race Car Driver
74.2%
The Suicide MachinesNew Girl
54.5%
The ErniesHere and Now
51.5%
Suicidal TendenciesCyco Vision
47%
Even RudeVilified
27.3%
SpeedealerScreamer
27.3%
The VandalsEuro-Barge
27.3%
UnsaneCommitted
24.2%
Aim featuring YZ*Ain't Got Time to Waste
7.6%
Aquasky*Blue Thunder
6.1%
Grand Unified*Le Hot
3%
Remove Ads.
Support Sporcle.
Get the best of Sporcle when you Go Orange. This ad-free experience offers more features, more stats, and more fun while also helping to support Sporcle. Thank you for becoming a member.

You're not logged in!

Compare scores with friends on all Sporcle quizzes.
OR
Log In

You Might Also Like...

Show Comments

Extras

Top Quizzes Today


Score Distribution

Your Account Isn't Verified!

In order to create a playlist on Sporcle, you need to verify the email address you used during registration. Go to your Sporcle Settings to finish the process.

Report this User

Report this user for behavior that violates our Community Guidelines.

Details: